| 000 | 00829nam a2200229Ia 4500 | ||
|---|---|---|---|
| 003 | GCL | ||
| 008 | 140319s9999 xx 000 0 ara d | ||
| 040 |
_aGCL / _cGCL |
||
| 082 | 0 | 4 |
_a953 _bس ت |
| 100 | 1 | _aالسيد عبدالعزيز سالم | |
| 245 | 1 | 0 |
_aتاريخ الدولة العربية / _cالسيد عبدالعزيز سالم |
| 260 |
_a[S.N] : _bمؤسسة شباب الجامعة ، _c1993 |
||
| 490 |
_aدراسات فى تاريخ العرب _v0 |
||
| 650 | 0 | 4 | _aالعالم العربى |
| 650 | 0 | 4 | _aتاريخ |
| 650 | 0 | 4 | _aالحضارة العربية الاسلامية - المعارف البحرية |
| 650 | 0 | 4 | _aالخلافة |
| 650 | 0 | 4 | _aالفتوحات الاسلامية |
| 650 | 0 | 4 | _aالتاريخ الاسلامى |
| 650 | 0 | 4 | _aالخلافة الاموية |
| 942 |
_2ddc _cBK |
||
| 999 |
_c32209 _d32209 |
||